Introducción a la psiquiatría
Guardat en:
| Autor principal: | |
|---|---|
| Format: | Llibre |
| Idioma: | espanyol |
| Publicat: |
Madrid
Alianza
1982
|
| Col·lecció: | Alianza Universidad textos, 14
|
| Matèries: | |
| Etiquetes: |
Afegir etiqueta
Sense etiquetes, Sigues el primer a etiquetar aquest registre!
|
MARC
| LEADER | 00000nam a2200000 a 4500 | ||
|---|---|---|---|
| 001 | UCW6847 | ||
| 003 | CL-VaPUC | ||
| 008 | 920612e19820000SP |||||||||||||||||spa|d | ||
| 082 | 0 | 4 | |a 616.89 |b CAS |2 21 |
| 100 | 0 | |a Castilla del Pino, Carlos |e author |9 311928 | |
| 245 | 1 | 0 | |a Introducción a la psiquiatría |
| 300 | |a 2 v | ||
| 942 | |c BK | ||
| 945 | |d 19920612 00:00:00 | ||
| 260 | |a Madrid |b Alianza |c 1982 | ||
| 650 | 0 | |a Psiquiatría |9 308427 | |
| 650 | 0 | |a Psicopatología |9 307473 | |
| 583 | |a last modification |c 19920612 00:00:00 |k Rodrigo Vera | ||
| 490 | 0 | |a Alianza Universidad textos, 14 | |
| 999 | |c 219768 |d 219766 | ||
| 952 | |0 0 |1 0 |4 0 |6 616_890000000000000_CAS_1982 |7 0 |8 A |9 211079 |a BIBEDU |b BIBEDU |d 2019-11-15 |h v.1 |i 2793342 |o 616.89 CAS 1982 |p 2793342 |r 2019-11-15 |w 2019-11-15 |y BK |k EDU | ||
| 952 | |0 0 |1 0 |4 0 |6 616_890000000000000_CAS_1982 |7 0 |8 A |9 211080 |a BIBEDU |b BIBEDU |d 2019-11-15 |h v.2 |i 2793350 |o 616.89 CAS 1982 |p 2793350 |r 2019-11-15 |w 2019-11-15 |y BK |k EDU | ||